<?xml version="1.0" encoding="UTF-8"?>
<record
    xmlns:xsi="http://www.w3.org/2001/XMLSchema-instance"
    xsi:schemaLocation="http://www.loc.gov/MARC21/slim http://www.loc.gov/standards/marcxml/schema/MARC21slim.xsd"
    xmlns="http://www.loc.gov/MARC21/slim">

  <leader>00571nam a22001577a 4500</leader>
  <controlfield tag="003">OSt</controlfield>
  <controlfield tag="005">20151130083402.0</controlfield>
  <controlfield tag="008">151130b        xxu||||| |||| 00| 0 eng d</controlfield>
  <datafield tag="040" ind1=" " ind2=" ">
    <subfield code="c">RUa</subfield>
  </datafield>
  <datafield tag="082" ind1=" " ind2=" ">
    <subfield code="a">FIS HEN 1998 B168 Or.1</subfield>
  </datafield>
  <datafield tag="100" ind1=" " ind2=" ">
    <subfield code="9">3982</subfield>
    <subfield code="a">HENG, NARIN.</subfield>
  </datafield>
  <datafield tag="245" ind1=" " ind2=" ">
    <subfield code="a">the growth between red tilapia and nile tilapia (&#x1794;&#x17D2;&#x179A;&#x17C0;&#x1794;&#x1792;&#x17C0;&#x1794;&#x1780;&#x17C6;&#x179A;&#x17B7;&#x178F;&#x179B;&#x17BC;&#x178F;&#x179B;&#x17B6;&#x179F;&#x17CB;&#x178F;&#x17D2;&#x179A;&#x17B8;&#x1791;&#x17B8;&#x17A1;&#x17B6;&#x1796;&#x17D2;&#x1799;&#x17B6;&#x1780;&#x17D2;&#x179A;&#x17A0;&#x1798;&#x1793;&#x17B7;&#x1784;&#x200B;&#x1791;&#x17B8;&#x17A1;&#x17B6;&#x1796;&#x17D2;&#x1799;&#x17B6;&#x1786;&#x17D2;&#x1793;&#x17BC;&#x178F;)</subfield>
  </datafield>
  <datafield tag="260" ind1=" " ind2=" ">
    <subfield code="a">Phnom Penh</subfield>
    <subfield code="b">RUA</subfield>
    <subfield code="c">1998</subfield>
  </datafield>
  <datafield tag="300" ind1=" " ind2=" ">
    <subfield code="a">64p.</subfield>
    <subfield code="b">ill.</subfield>
    <subfield code="c">29cm.</subfield>
  </datafield>
  <datafield tag="942" ind1=" " ind2=" ">
    <subfield code="2">ddc</subfield>
    <subfield code="c">FIS</subfield>
  </datafield>
  <datafield tag="999" ind1=" " ind2=" ">
    <subfield code="c">3702</subfield>
    <subfield code="d">3702</subfield>
  </datafield>
  <datafield tag="952" ind1=" " ind2=" ">
    <subfield code="0">0</subfield>
    <subfield code="1">0</subfield>
    <subfield code="2">ddc</subfield>
    <subfield code="4">0</subfield>
    <subfield code="6">FIS_HEN_1998_000000000000000_B168_OR_1</subfield>
    <subfield code="7">0</subfield>
    <subfield code="9">18421</subfield>
    <subfield code="a">LBB</subfield>
    <subfield code="b">LBB</subfield>
    <subfield code="c">B168</subfield>
    <subfield code="d">2015-11-30</subfield>
    <subfield code="l">3</subfield>
    <subfield code="o">FIS HEN 1998 B168 Or.1</subfield>
    <subfield code="p">RUA028452</subfield>
    <subfield code="r">2018-10-27</subfield>
    <subfield code="s">2018-09-28</subfield>
    <subfield code="w">2015-11-30</subfield>
    <subfield code="y">FIS</subfield>
  </datafield>
  <datafield tag="952" ind1=" " ind2=" ">
    <subfield code="0">0</subfield>
    <subfield code="1">0</subfield>
    <subfield code="2">ddc</subfield>
    <subfield code="4">0</subfield>
    <subfield code="6">FIS_HEN_1998_000000000000000_B168_OR_2</subfield>
    <subfield code="7">0</subfield>
    <subfield code="9">18422</subfield>
    <subfield code="a">LBB</subfield>
    <subfield code="b">LBB</subfield>
    <subfield code="c">B168</subfield>
    <subfield code="d">2015-11-30</subfield>
    <subfield code="o">FIS HEN 1998 B168 Or.2</subfield>
    <subfield code="p">RUA010357</subfield>
    <subfield code="r">2015-11-30</subfield>
    <subfield code="w">2015-11-30</subfield>
    <subfield code="y">FIS</subfield>
  </datafield>
  <datafield tag="952" ind1=" " ind2=" ">
    <subfield code="0">0</subfield>
    <subfield code="1">0</subfield>
    <subfield code="2">ddc</subfield>
    <subfield code="4">0</subfield>
    <subfield code="6">FIS_HEN_1998_000000000000000_B168_OR_3</subfield>
    <subfield code="7">0</subfield>
    <subfield code="9">18423</subfield>
    <subfield code="a">LBB</subfield>
    <subfield code="b">LBB</subfield>
    <subfield code="c">B168</subfield>
    <subfield code="d">2015-11-30</subfield>
    <subfield code="o">FIS HEN 1998 B168 Or.3</subfield>
    <subfield code="p">RUA027358</subfield>
    <subfield code="r">2015-11-30</subfield>
    <subfield code="w">2015-11-30</subfield>
    <subfield code="y">FIS</subfield>
  </datafield>
  <datafield tag="952" ind1=" " ind2=" ">
    <subfield code="0">0</subfield>
    <subfield code="1">0</subfield>
    <subfield code="2">ddc</subfield>
    <subfield code="4">0</subfield>
    <subfield code="6">FIS_HEN_1998_000000000000000_B168_OR_4</subfield>
    <subfield code="7">0</subfield>
    <subfield code="9">18424</subfield>
    <subfield code="a">LBB</subfield>
    <subfield code="b">LBB</subfield>
    <subfield code="c">B168</subfield>
    <subfield code="d">2015-11-30</subfield>
    <subfield code="o">FIS HEN 1998 B168 Or.4</subfield>
    <subfield code="p">RUA027286</subfield>
    <subfield code="r">2015-11-30</subfield>
    <subfield code="w">2015-11-30</subfield>
    <subfield code="y">FIS</subfield>
  </datafield>
  <datafield tag="952" ind1=" " ind2=" ">
    <subfield code="0">0</subfield>
    <subfield code="1">0</subfield>
    <subfield code="2">ddc</subfield>
    <subfield code="4">0</subfield>
    <subfield code="6">FIS_HEN_1998_000000000000000_B168_OR_5</subfield>
    <subfield code="7">0</subfield>
    <subfield code="9">18425</subfield>
    <subfield code="a">LBB</subfield>
    <subfield code="b">LBB</subfield>
    <subfield code="c">B168</subfield>
    <subfield code="d">2015-11-30</subfield>
    <subfield code="o">FIS HEN 1998 B168 Or.5</subfield>
    <subfield code="p">RUA027213</subfield>
    <subfield code="r">2015-11-30</subfield>
    <subfield code="w">2015-11-30</subfield>
    <subfield code="y">FIS</subfield>
  </datafield>
  <datafield tag="952" ind1=" " ind2=" ">
    <subfield code="0">0</subfield>
    <subfield code="1">0</subfield>
    <subfield code="2">ddc</subfield>
    <subfield code="4">0</subfield>
    <subfield code="6">FIS_HEN_1998_000000000000000_B168_OR_6</subfield>
    <subfield code="7">0</subfield>
    <subfield code="9">18426</subfield>
    <subfield code="a">LBB</subfield>
    <subfield code="b">LBB</subfield>
    <subfield code="c">B168</subfield>
    <subfield code="d">2015-11-30</subfield>
    <subfield code="o">FIS HEN 1998 B168 Or.6</subfield>
    <subfield code="p">RUA027499</subfield>
    <subfield code="r">2015-11-30</subfield>
    <subfield code="w">2015-11-30</subfield>
    <subfield code="y">FIS</subfield>
  </datafield>
  <datafield tag="952" ind1=" " ind2=" ">
    <subfield code="0">0</subfield>
    <subfield code="1">0</subfield>
    <subfield code="2">ddc</subfield>
    <subfield code="4">0</subfield>
    <subfield code="6">FIS_HEN_1998_000000000000000_B168_OR_7</subfield>
    <subfield code="7">0</subfield>
    <subfield code="9">18427</subfield>
    <subfield code="a">LBB</subfield>
    <subfield code="b">LBB</subfield>
    <subfield code="c">B168</subfield>
    <subfield code="d">2015-11-30</subfield>
    <subfield code="o">FIS HEN 1998 B168 Or.7</subfield>
    <subfield code="p">RUA025883</subfield>
    <subfield code="r">2015-11-30</subfield>
    <subfield code="w">2015-11-30</subfield>
    <subfield code="y">FIS</subfield>
  </datafield>
  <datafield tag="952" ind1=" " ind2=" ">
    <subfield code="0">0</subfield>
    <subfield code="1">0</subfield>
    <subfield code="2">ddc</subfield>
    <subfield code="4">0</subfield>
    <subfield code="6">FIS_HEN_1998_000000000000000_B168_OR_8</subfield>
    <subfield code="7">0</subfield>
    <subfield code="9">19156</subfield>
    <subfield code="a">LBB</subfield>
    <subfield code="b">LBB</subfield>
    <subfield code="c">B168</subfield>
    <subfield code="d">2015-12-01</subfield>
    <subfield code="o">FIS HEN 1998 B168 Or.8</subfield>
    <subfield code="p">RUA010740</subfield>
    <subfield code="r">2015-12-01</subfield>
    <subfield code="w">2015-12-01</subfield>
    <subfield code="y">FIS</subfield>
  </datafield>
  <datafield tag="952" ind1=" " ind2=" ">
    <subfield code="0">0</subfield>
    <subfield code="1">0</subfield>
    <subfield code="2">ddc</subfield>
    <subfield code="4">0</subfield>
    <subfield code="6">FIS_HEN_1998_000000000000000_B168_OR_9</subfield>
    <subfield code="7">0</subfield>
    <subfield code="9">19157</subfield>
    <subfield code="a">LBB</subfield>
    <subfield code="b">LBB</subfield>
    <subfield code="c">B168</subfield>
    <subfield code="d">2015-12-01</subfield>
    <subfield code="o">FIS HEN 1998 B168 Or.9</subfield>
    <subfield code="p">RUA012591</subfield>
    <subfield code="r">2015-12-01</subfield>
    <subfield code="w">2015-12-01</subfield>
    <subfield code="y">FIS</subfield>
  </datafield>
  <datafield tag="952" ind1=" " ind2=" ">
    <subfield code="0">0</subfield>
    <subfield code="1">0</subfield>
    <subfield code="2">ddc</subfield>
    <subfield code="4">0</subfield>
    <subfield code="6">FIS_HEN_1998_000000000000000_B168_OR_11</subfield>
    <subfield code="7">0</subfield>
    <subfield code="9">19158</subfield>
    <subfield code="a">LBB</subfield>
    <subfield code="b">LBB</subfield>
    <subfield code="c">B168</subfield>
    <subfield code="d">2015-12-01</subfield>
    <subfield code="o">FIS HEN 1998 B168 Or.11</subfield>
    <subfield code="p">RUA012596</subfield>
    <subfield code="r">2015-12-01</subfield>
    <subfield code="w">2015-12-01</subfield>
    <subfield code="y">FIS</subfield>
  </datafield>
  <datafield tag="952" ind1=" " ind2=" ">
    <subfield code="0">0</subfield>
    <subfield code="1">0</subfield>
    <subfield code="2">ddc</subfield>
    <subfield code="4">0</subfield>
    <subfield code="6">FIS_HEN_1998_000000000000000_B168_OR_10</subfield>
    <subfield code="7">0</subfield>
    <subfield code="9">19159</subfield>
    <subfield code="a">LBB</subfield>
    <subfield code="b">LBB</subfield>
    <subfield code="c">B168</subfield>
    <subfield code="d">2015-12-01</subfield>
    <subfield code="o">FIS HEN 1998 B168 Or.10</subfield>
    <subfield code="p">RUA012668</subfield>
    <subfield code="r">2015-12-01</subfield>
    <subfield code="w">2015-12-01</subfield>
    <subfield code="y">FIS</subfield>
  </datafield>
</record>
